000 03184nam a2200337Ia 4500
999 _c47238
_d47238
001 14098
003 GE_BSU
005 20241105164519.0
008 181216s2014||||ge |||||||||||||| ||geo||
020 _a9789941434815
040 _cGE_BSU
041 _ageo
080 _a821.353.1-91+398.22(=353.1) ა-97
245 _aაჭარული საუნჯე :
_b[კრებული]. ტომი 1 /
_cბათუმის შოთა რუსთაველის სახელმწიფო უნივერსიტეტი, ნიკო ბერძენიშვილის ინსტიტუტის ფოლკლორის, დიალექტოლოგიისა და ემიგრანტული ლიტერატურის კვლევის განყოფილება ; ტექსტზე მუშაობდნენ : ნარგიზ ახვლედიანი, გიორგი მახარაშვილი, ციალა ნარაკიძე [და სხვ.] ; მთავარი რედაქტორი ალიოშა ბაკურიძე.
250 _aმე-2 გამოცემა
264 _aბათუმი :
_bბათუმის შოთა რუსთაველის სახ.უნ-ტი,
_c2014.
300 _a672 გვ. ;
_b29 სმ.
500 _aგამოიცა ავთანდილ ბარათაშვილის ფინანსური მხარდაჭერით
501 _aლექსიკონი : გვ. 625-648. პირთა საძიებელი : გვ. 649-654 გეოგრაფიულ სახელთა საძიებელი : გვ. 655-656
653 _aაჭარული ზეპირსიტყვიერება
653 _aაჭარული საუნჯე
700 _aბაკურიძე, ალიოშა
_eმთავარი რედაქტორი
_918090
700 _aახვლედიანი, ნარგიზ
_eტექსტზე მუშაობა.
_94833
700 _aნარაკიძე, ციალა
_eტექსტზე მუშაობა
_918091
700 _aმახარაშვილი, გიორგი
_eტექსტზე მუშაობა
_95319
700 _aნოღაიდელი, ნანული
_eტექსტზე მუშაობა
_95107
700 _aფუტკარაძე, ელზა
_eტექსტზე მუშაობა
_96825
700 _aფუტკარაძე, შუშანა
_eტექსტზე მუშაობა
_91978
710 _aბათუმის შოთა რუსთაველის სახელმწიფო უნივერსიტეტი
_bნიკო ბერძენიშვილის ინსტიტუტი. ფოლკლორის, დიალექტოლოგიისა და ემიგრანტული ლიტერატურის კვლევის განყოფილება
_918092
942 _cBK
_2udc